[Event "IND-ch 59th"]
[Site "New Delhi"]
[Date "2022.12.22"]
[Round "1"]
[White "Mehar, Chinna Reddy CH"]
[Black "Gajendra, Singh"]
[Result "1-0"]
[WhiteElo "2405"]
[BlackElo "1801"]
[PlyCount "107"]
[EventDate "2022.12.22"]
[EventType "swiss"]
[EventRounds "13"]
[EventCountry "IND"]
[SourceTitle "CBM 211 Extra"]
[Source "ChessBase"]
[SourceDate "2023.01.31"]
[SourceVersion "1"]
[SourceVersionDate "2023.01.31"]
[SourceQuality "1"]

1. d4 e6 2. Nf3 b6 3. e4 d5 4. Bd3 Ba6 5. Bxa6 Nxa6 6. exd5 Qxd5 7. 0-0 Nf6 8. Ne5 Bd6 9. c4 Qb7 10. Qa4+ Kf8 11. Nc3 Nc5 12. dxc5 Bxe5 13. Re1 Bxc3 14. c6 Qc8 15. Qa3+ Kg8 16. Qxc3 h5 17. Bg5 Nh7 18. Bf4 f6 19. Rad1 Nf8 20. h3 e5 21. Bh2 Qe6 22. Qf3 Qxc4 23. b3 Qe6 24. Qe4 Re8 25. f4 Rh6 26. f5 Qf7 27. Bf4 g5 28. Bc1 Rh7 29. Ba3 Rg7 30. g3 a5 31. Rd2 b5 32. Bc5 Ne6 33. fxe6 Qxe6 34. Kg2 f5 35. Qd5 e4 36. Qxe6+ Rxe6 37. Rd8+ Kh7 38. Bd4 Rf7 39. Rc1 b4 40. Rd7 Kg6 41. Rxf7 Kxf7 42. Be3 Kg6 43. h4 f4 44. gxf4 gxh4 45. Kh3 Rd6 46. Kxh4 Rd3 47. Bb6 e3 48. Bxc7 Rc3 49. Re1 Kf5 50. Bxa5 Kxf4 51. c7 Kf3 52. Bb6 e2 53. Kxh5 Rc6 54. Kg5 1-0

[Event "World Corporate East C"]
[Site "Chess.com INT"]
[Date "2021.02.19"]
[Round "2.1"]
[White "Gajendra, Singh"]
[Black "Bregadze, Levan"]
[Result "0-1"]
[WhiteElo "1850"]
[BlackElo "2454"]
[PlyCount "82"]
[EventDate "2021.02.19"]
[EventType "team (rapid)"]
[EventRounds "7"]
[EventCountry "USA"]
[SourceTitle "EXT 2022"]
[Source "ChessBase"]
[SourceDate "2021.10.06"]
[SourceVersion "1"]
[SourceVersionDate "2021.10.06"]
[SourceQuality "1"]
[WhiteTeam "LIC"]
[BlackTeam "Morgan Stanley"]
[WhiteTeamCountry "IND"]
[BlackTeamCountry "HUN"]

1. d4 Nf6 2. Nf3 g6 3. c4 Bg7 4. g3 0-0 5. Bg2 c5 6. d5 d6 7. 0-0 e6 8. Nc3 exd5 9. cxd5 a6 10. a4 Re8 11. Nd2 Nbd7 12. a5 b5 13. axb6 Nxb6 14. h3 a5 15. e4 a4 16. Re1 Bd7 17. Kh2 Qc8 18. f4 Nh5 19. Qf3 f5 20. Qf1 a3 21. Bf3 Na4 22. Nxa4 Rxa4 23. Rxa3 Rb4 24. Rb3 fxe4 25. Bxe4 Rxb3 26. Nxb3 Qb8 27. Bc2 Rxe1 28. Qxe1 c4 29. Nd2 Bxb2 30. Nf3 Bxc1 31. Qxc1 c3 32. Ng5 Nf6 33. Qd1 Qb2 34. Kg1 Qb6+ 35. Kg2 Qe3 36. Nf3 Bf5 37. Bxf5 gxf5 38. Qc2 Ne4 39. h4 h5 40. Qa2 Kg7 41. Qa7+ Qxa7 0-1

[Event "Udaipur Lakecity blitz op 1st"]
[Site "Udaipur"]
[Date "2019.09.16"]
[Round "3"]
[White "Ravi, Teja Sanka"]
[Black "Gajendra, Singh"]
[Result "1-0"]
[WhiteElo "2409"]
[BlackElo "1847"]
[PlyCount "103"]
[EventDate "2019.09.16"]
[EventType "swiss (blitz)"]
[EventRounds "9"]
[EventCountry "IND"]
[SourceTitle "EXT 2020"]
[Source "ChessBase"]
[SourceDate "2019.10.17"]
[SourceVersion "1"]
[SourceVersionDate "2019.10.17"]
[SourceQuality "1"]

1. d4 Nf6 2. Nf3 e6 3. e3 b6 4. Bd3 d5 5. 0-0 Be7 6. c4 0-0 7. Nc3 Bb7 8. cxd5 exd5 9. b3 Bb4 10. Bb2 Ba6 11. Rc1 Bxd3 12. Qxd3 c6 13. Rc2 Nbd7 14. Rfc1 Rc8 15. h3 Re8 16. Qa6 Bd6 17. Nb5 Nb8 18. Qxa7 Ne4 19. Nxd6 Nxd6 20. Ne5 Re7 21. Qa4 Rec7 22. Nxc6 Nxc6 23. Rxc6 b5 24. Qa6 Ne4 25. Qxc8 Qxc8 26. Rxc7 Qe8 27. Rc8 Nd6 28. Rxe8+ Nxe8 29. Rc5 f6 30. Rxd5 Kf7 31. Rxb5 Ke6 32. Rb7 Nd6 33. Rxg7 Ne4 34. Rxh7 Kf5 35. d5 Ng5 36. Rh5 Kg6 37. Bxf6 Kxh5 38. Bxg5 Kxg5 39. a4 Kf5 40. a5 Ke4 41. a6 Kxd5 42. a7 Kc5 43. a8Q Kb4 44. Qc6 Kxb3 45. e4 Kb4 46. e5 Ka5 47. Qb7 Ka4 48. Qb6 Ka3 49. Qb5 Ka2 50. e6 Ka3 51. e7 Ka2 52. e8R 1-0

[Event "Udaipur Lakecity rapid op 1st"]
[Site "Udaipur"]
[Date "2019.09.15"]
[Round "7"]
[White "Gajendra, Singh"]
[Black "Laxman, Rajaram"]
[Result "0-1"]
[WhiteElo "1858"]
[BlackElo "2437"]
[PlyCount "102"]
[EventDate "2019.09.14"]
[EventType "swiss (rapid)"]
[EventRounds "9"]
[EventCountry "IND"]
[SourceTitle "EXT 2020"]
[Source "ChessBase"]
[SourceDate "2019.10.17"]
[SourceVersion "1"]
[SourceVersionDate "2019.10.17"]
[SourceQuality "1"]

1. d4 Nf6 2. Nf3 e6 3. c4 b6 4. g3 Ba6 5. Qc2 c5 6. Bg2 Nc6 7. dxc5 Bxc5 8. 0-0 Rc8 9. b3 d5 10. Nbd2 Qe7 11. Bb2 dxc4 12. bxc4 0-0 13. Rac1 Ba3 14. Bxa3 Qxa3 15. Rb1 Rfd8 16. Rb3 Qc5 17. Rc1 Na5 18. Rc3 h6 19. Nb3 Qb4 20. Ne5 Nxb3 21. axb3 Qd6 22. Nd3 Qb8 23. Ra1 Bb7 24. Bxb7 Qxb7 25. f3 Qd7 26. Kg2 Qd4 27. Nf2 Nd5 28. Nd1 Nxc3 29. Nxc3 Qe3 30. Rxa7 b5 31. Ra2 bxc4 32. b4 f5 33. b5 Rd6 34. Nd1 Qb3 35. Nf2 Qxb5 36. Rb2 Qe5 37. Rb7 Qd5 38. Ra7 Qd4 39. Ra4 Qc5 40. Qc3 Qd4 41. Qc2 Qd2 42. Ra2 Qxc2 43. Rxc2 c3 44. Nd3 Kf7 45. f4 Ke7 46. Kf2 Rxd3 47. exd3 Kd6 48. Ke3 Kd5 49. h3 h5 50. d4 Kc4 51. Rc1 Rb8 0-1

[Event "Udaipur Lakecity op 1st"]
[Site "Udaipur"]
[Date "2019.09.13"]
[Round "2"]
[White "Gajendra, Singh"]
[Black "Das, Sayantan"]
[Result "0-1"]
[WhiteElo "1858"]
[BlackElo "2434"]
[PlyCount "78"]
[EventDate "2019.09.13"]
[EventType "swiss"]
[EventRounds "10"]
[EventCountry "IND"]
[SourceTitle "EXT 2020"]
[Source "ChessBase"]
[SourceDate "2019.10.17"]
[SourceVersion "1"]
[SourceVersionDate "2019.10.17"]
[SourceQuality "1"]

1. d4 d5 2. Nf3 Nf6 3. e3 c5 4. Be2 Nc6 5. 0-0 Bf5 6. a3 cxd4 7. exd4 e6 8. c4 dxc4 9. Bxc4 Be7 10. Nc3 0-0 11. h3 Rc8 12. Ba2 Ne4 13. Re1 Nxc3 14. bxc3 Na5 15. c4 Nxc4 16. g4 Bg6 17. Qe2 b5 18. a4 a6 19. axb5 axb5 20. Bb3 Bf6 21. Bb2 Na5 22. Bd1 Nc4 23. Bb3 Qd5 24. Ba3 Rfd8 25. Rad1 Qb7 26. Bb4 h6 27. h4 Qc7 28. h5 Bh7 29. Ne5 Bg5 30. Qa2 Qb7 31. Qe2 Nxe5 32. dxe5 Rxd1 33. Bxd1 Rc4 34. Qb2 Qd5 35. Be2 Rc2 36. Qa1 Be4 37. Bf1 Bf3 38. Qb1 Rc4 39. Bd6 Rxg4+ 0-1

[Event "Hyderabad op 3rd"]
[Site "Hyderabad"]
[Date "2019.08.22"]
[Round "4"]
[White "Rathnakaran, Kantholi"]
[Black "Gajendra, Singh"]
[Result "1-0"]
[WhiteElo "2337"]
[BlackElo "1927"]
[PlyCount "89"]
[EventDate "2019.08.20"]
[EventType "swiss"]
[EventRounds "10"]
[EventCountry "IND"]
[SourceTitle "EXT 2020"]
[Source "ChessBase"]
[SourceDate "2019.10.17"]
[SourceVersion "1"]
[SourceVersionDate "2019.10.17"]
[SourceQuality "1"]

1. e4 e6 2. d4 d5 3. Nc3 Bb4 4. Nge2 Nf6 5. e5 Ne4 6. f3 Nxc3 7. bxc3 Be7 8. Nf4 b6 9. c4 0-0 10. c3 c5 11. cxd5 exd5 12. dxc5 Bb7 13. c4 d4 14. cxb6 Nc6 15. Nd3 axb6 16. Be2 Bb4+ 17. Bd2 Bc3 18. 0-0 Bxa1 19. Qxa1 Re8 20. f4 Na5 21. Qc1 Qc7 22. Nb2 f6 23. Bh5 g6 24. Bg4 fxe5 25. f5 Qc6 26. Bh3 e4 27. Bh6 e3 28. f6 Rf8 29. Qd1 Rad8 30. Nd3 Nxc4 31. f7+ Rxf7 32. Rxf7 Kxf7 33. Qf1+ Qf6 34. Nf4 Nd2 35. Be6+ Ke7 36. Qb5 Ne4 37. Qxb6 Nd6 38. Qa5 Qxe6 39. Bg5+ Kf7 40. Nxe6 Rc8 41. Nd8+ Kg8 42. h4 Be4 43. Qa6 e2 44. Kf2 e1Q+ 45. Kxe1 1-0

[Event "IND-chT 37th"]
[Site "Bhopal"]
[Date "2017.02.07"]
[Round "8.4"]
[White "Gajendra, Singh"]
[Black "Kumaresh, A."]
[Result "1-0"]
[WhiteElo "1971"]
[BlackElo "1454"]
[PlyCount "58"]
[EventDate "2017.02.02"]
[EventType "team-swiss"]
[EventRounds "9"]
[EventCountry "IND"]
[SourceTitle "CBM 176 Extra"]
[Source "ChessBase"]
[SourceDate "2017.03.02"]
[SourceVersion "1"]
[SourceVersionDate "2017.03.02"]
[SourceQuality "1"]
[WhiteTeam "LIC of India"]
[BlackTeam "Sivakasi"]
[WhiteTeamCountry "IND"]
[BlackTeamCountry "IND"]

1. d4 Nf6 2. Nf3 g6 3. c4 Bg7 4. Nc3 d6 5. e4 Nbd7 6. a3 0-0 7. Be3 c5 8. Be2 cxd4 9. Nxd4 Nc5 10. Bf3 Bd7 11. b4 Ne6 12. Rc1 Nxd4 13. Bxd4 Rc8 14. Nd5 Nxd5 15. exd5 b5 16. Bxg7 Kxg7 17. c5 dxc5 18. bxc5 Qa5+ 19. Qd2 Qxd2+ 20. Kxd2 Rfd8 21. Ke3 e6 22. d6 Bc6 23. Bxc6 Rxc6 24. Kd4 f6 25. Rb1 a6 26. a4 Rb8 27. axb5 axb5 28. Rb4 Ra6 29. Rhb1 Ra5 1-0

[Event "IND-chT 37th"]
[Site "Bhopal"]
[Date "2017.02.03"]
[Round "3.4"]
[White "Rajesh, VAV"]
[Black "Gajendra, Singh"]
[Result "1-0"]
[WhiteElo "2317"]
[BlackElo "1971"]
[PlyCount "83"]
[EventDate "2017.02.02"]
[EventType "team-swiss"]
[EventRounds "9"]
[EventCountry "IND"]
[SourceTitle "CBM 176 Extra"]
[Source "ChessBase"]
[SourceDate "2017.03.02"]
[SourceVersion "1"]
[SourceVersionDate "2017.03.02"]
[SourceQuality "1"]
[WhiteTeam "Airports Authority"]
[BlackTeam "LIC of India"]
[WhiteTeamCountry "IND"]
[BlackTeamCountry "IND"]

1. d4 Nf6 2. c4 e6 3. Nc3 d5 4. Nf3 Be7 5. Bg5 Nbd7 6. e3 a6 7. cxd5 exd5 8. Bd3 c6 9. 0-0 Ne4 10. Bxe4 Bxg5 11. Bc2 Bh6 12. b4 g6 13. a4 Bg7 14. b5 Qa5 15. Qe1 axb5 16. axb5 Qxa1 17. Qxa1 Rxa1 18. Rxa1 0-0 19. Rb1 Nf6 20. bxc6 bxc6 21. Ba4 Bf5 22. Rc1 Rc8 23. Ne2 Bd3 24. Nf4 Bc4 25. Nd2 g5 26. Nxc4 gxf4 27. Nd6 Rd8 28. Nf5 fxe3 29. fxe3 Bf8 30. Rxc6 Ne4 31. Bb3 Ra8 32. Rc1 Ra5 33. g4 Nd6 34. Rf1 Nc4 35. Bxc4 dxc4 36. Rc1 Ra4 37. Kg2 Ba3 38. Rc2 Rb4 39. Kf3 Bb2 40. Ne7+ Kf8 41. Nc6 Ra4 42. Rxb2 1-0

[Event "Odisha Keshabananda Memorial 2nd"]
[Site "Odisha"]
[Date "2013.08.21"]
[Round "5"]
[White "Gajendra, Singh"]
[Black "Anwesh, Upadhyaya"]
[Result "0-1"]
[WhiteElo "2019"]
[BlackElo "2351"]
[PlyCount "84"]
[EventDate "2013.08.18"]
[EventType "swiss"]
[EventRounds "7"]
[EventCountry "IND"]
[SourceTitle "CBM 156 Extra"]
[Source "ChessBase"]
[SourceDate "2013.10.22"]
[SourceVersion "1"]
[SourceVersionDate "2013.10.22"]
[SourceQuality "1"]

1. d4 Nf6 2. Nf3 d5 3. c4 c6 4. cxd5 cxd5 5. Nc3 Nc6 6. Bf4 a6 7. e3 Bg4 8. h3 Bxf3 9. Qxf3 e6 10. Bd3 Be7 11. Rc1 Rc8 12. 0-0 0-0 13. Kh1 Na5 14. Nb1 b5 15. b3 Qb6 16. Bg5 Nc6 17. a3 Qb7 18. Qe2 h6 19. Bxf6 Bxf6 20. f4 Na5 21. Rxc8 Rxc8 22. Qd1 Qc7 23. g4 Be7 24. a4 bxa4 25. bxa4 Nc4 26. Qe2 Qd7 27. e4 Rb8 28. exd5 exd5 29. Bc2 Rb2 30. Re1 Bb4 31. Nc3 g6 32. Qe8+ Qxe8 33. Rxe8+ Bf8 34. Re2 Na3 35. Bd1 Rb4 36. Nxd5 Rb1 37. Nc3 Rc1 38. Kg2 Rxc3 39. Re8 Rd3 40. Be2 Rxd4 41. Bxa6 Rxa4 42. g5 hxg5 0-1

[Event "IND-chB 48th"]
[Site "Bhiwani"]
[Date "2010.09.17"]
[Round "2"]
[White "Thakur, Akash"]
[Black "Gajendra, Singh"]
[Result "1-0"]
[WhiteElo "2356"]
[BlackElo "2133"]
[PlyCount "137"]
[EventDate "2010.09.16"]
[EventType "swiss"]
[EventRounds "13"]
[EventCountry "IND"]
[SourceTitle "CBM 138 Extra"]
[Source "ChessBase"]
[SourceDate "2010.10.29"]
[SourceVersion "1"]
[SourceVersionDate "2010.10.29"]
[SourceQuality "1"]

1. e4 e6 2. d4 d5 3. Nc3 dxe4 4. Nxe4 Nd7 5. Nf3 Ngf6 6. Bg5 Be7 7. Bxf6 Nxf6 8. Bd3 c5 9. Nxc5 Bxc5 10. dxc5 Qa5+ 11. Qd2 Qxc5 12. b4 Qc7 13. 0-0 Bd7 14. Rfe1 0-0 15. c4 Rfd8 16. Ne5 a5 17. b5 Qc5 18. Rad1 Be8 19. Qf4 Rac8 20. Rd2 Kf8 21. Red1 Qd4 22. Be4 Qb6 23. Bf3 Rxd2 24. Qxd2 Rc5 25. Qd4 Qc7 26. Nc6 b6 27. h4 e5 28. Qd3 e4 29. Bxe4 Nxe4 30. Qxe4 Bxc6 31. bxc6 Rxc6 32. Qxh7 Rh6 33. Qe4 g5 34. Qf5 Rxh4 35. g3 Rh6 36. Qxg5 Rg6 37. Rd8+ Kg7 38. Qh4 Rh6 39. Qd4+ Rf6 40. Rd5 Qe7 41. Rf5 Qd6 42. Qxd6 Rxd6 43. c5 bxc5 44. Rxc5 a4 45. Rc4 a3 46. Rc3 Ra6 47. Kf1 Kf6 48. Rf3+ Kg6 49. Ke2 f5 50. Kd2 Kg5 51. Kc2 Ra4 52. Kb3 Ra7 53. Kb4 Kg4 54. Rf4+ Kg5 55. Rc4 Ra8 56. f3 Re8 57. Rc3 Re2 58. Kxa3 Rg2 59. Kb3 Rxg3 60. a4 Kf4 61. a5 Rg8 62. Ka4 Ra8 63. Rd3 Ke5 64. Kb5 Rb8+ 65. Kc6 Rc8+ 66. Kb7 Rc4 67. Rb3 Kd6 68. a6 Kd7 69. a7 1-0

[Event "IND-chT"]
[Site "Gurgaon"]
[Date "2010.02.26"]
[Round "8"]
[White "Pardeep, Arora"]
[Black "Gajendra, Singh"]
[Result "1-0"]
[WhiteElo "2061"]
[BlackElo "2158"]
[PlyCount "107"]
[EventDate "2010.02.21"]
[EventType "team"]
[EventRounds "9"]
[EventCountry "IND"]
[SourceTitle "CBM 135 Extra"]
[Source "ChessBase"]
[SourceDate "2010.05.04"]
[SourceVersion "1"]
[SourceVersionDate "2010.05.04"]
[SourceQuality "1"]

1. c4 Nf6 2. Nc3 e5 3. g3 Nc6 4. Bg2 Bc5 5. d3 h6 6. Nf3 d6 7. 0-0 0-0 8. e3 Bg4 9. h3 Be6 10. b3 Bb4 11. Bb2 Qd7 12. Kh2 Bf5 13. a3 Bxc3 14. Bxc3 Rae8 15. e4 Bh7 16. Ng1 Nd4 17. f4 c5 18. f5 b5 19. g4 Rb8 20. h4 h5 21. gxh5 bxc4 22. bxc4 Rb6 23. Bh3 Rfb8 24. Ra2 Rb3 25. Qc1 Kh8 26. Rg2 Qd8 27. h6 g6 28. fxg6 Bxg6 29. Rff2 Nh5 30. Rg5 Qe7 31. Nf3 Qf6 32. Bf5 Rg8 33. Bxd4 cxd4 34. Qc2 Rbb8 35. c5 Bxf5 36. Rxf5 Qxh6 37. Ng5 Rxg5 38. hxg5 Qg6 39. Kg1 Nf4 40. Rh2+ Kg8 41. Rh6 Qg7 42. cxd6 Qf8 43. Rxe5 Ng6 44. Rd5 Rc8 45. Rc5 Rd8 46. Rxg6+ fxg6 47. Qc4+ Kh7 48. Rc7+ Kh8 49. Qxd4+ Kg8 50. Qd5+ Kh8 51. Qe5+ Kg8 52. Qe6+ Kh8 53. Qh3+ Kg8 54. Qh7# 1-0

[Event "IND-chT"]
[Site "Gurgaon"]
[Date "2010.02.25"]
[Round "6"]
[White "Suvrajit, Saha"]
[Black "Gajendra, Singh"]
[Result "1-0"]
[WhiteElo "2343"]
[BlackElo "2158"]
[PlyCount "87"]
[EventDate "2010.02.21"]
[EventType "team"]
[EventRounds "9"]
[EventCountry "IND"]
[SourceTitle "CBM 135 Extra"]
[Source "ChessBase"]
[SourceDate "2010.05.04"]
[SourceVersion "1"]
[SourceVersionDate "2010.05.04"]
[SourceQuality "1"]

1. Nf3 e6 2. c4 Nf6 3. Nc3 d5 4. d4 Bb4 5. cxd5 exd5 6. Bg5 0-0 7. Qc2 h6 8. Bh4 Nbd7 9. e3 Re8 10. Bd3 c6 11. 0-0 Qa5 12. a3 Bxc3 13. bxc3 c5 14. c4 dxc4 15. Qxc4 a6 16. Bxf6 Nxf6 17. Qxc5 Qxc5 18. dxc5 Be6 19. Rfc1 Rac8 20. Nd4 Rc7 21. c6 Rec8 22. Rc2 Bd5 23. cxb7 Bxb7 24. Rac1 Rxc2 25. Rxc2 Rxc2 26. Nxc2 Kf8 27. f3 Ke7 28. Kf2 Nd7 29. Ke2 h5 30. h4 Ne5 31. Nd4 g6 32. Kd2 Kd6 33. Kc3 Kc5 34. Nb3+ Kd6 35. Na5 Bxf3 36. gxf3 Nxf3 37. Bxa6 Nxh4 38. Nc4+ Kc7 39. Kd3 g5 40. Bb5 Nf5 41. Be8 Nh6 42. Ke2 h4 43. Kf3 g4+ 44. Kf4 1-0

[Event "New Delhi Parsvnath op 7th"]
[Site "New Delhi"]
[Date "2009.01.19"]
[Round "10"]
[White "Shivananda, BS."]
[Black "Gajendra, Singh"]
[Result "1-0"]
[WhiteElo "2347"]
[BlackElo "2128"]
[PlyCount "57"]
[EventDate "2009.01.11"]
[EventType "swiss"]
[EventRounds "10"]
[EventCountry "IND"]
[SourceTitle "CBM 128 Extra"]
[Source "ChessBase"]
[SourceDate "2009.03.05"]
[SourceVersion "2"]
[SourceVersionDate "2009.03.25"]
[SourceQuality "1"]

1. e4 e6 2. b3 d5 3. Bb2 Nf6 4. e5 Nfd7 5. c4 Nb6 6. Nc3 c5 7. f4 Nc6 8. Nf3 Be7 9. Qb1 Na5 10. cxd5 exd5 11. f5 d4 12. Bb5+ Nc6 13. Ne2 Bd7 14. Qe4 a6 15. Bxc6 Bxc6 16. Qg4 Bxf3 17. Qxg7 Bh4+ 18. Ng3 Qd5 19. 0-0 0-0-0 20. Rxf3 h5 21. e6 fxe6 22. fxe6 Qxe6 23. Rc1 Rhg8 24. Rxc5+ Kb8 25. Qe5+ Qxe5 26. Rxe5 Rg7 27. Rxh5 Rdg8 28. Rd3 Bf6 29. Rf5 1-0

[Event "Commonwealth-ch"]
[Site "Nagpur"]
[Date "2008.10.05"]
[Round "10"]
[White "Gajendra, Singh"]
[Black "Ramakrishna, J."]
[Result "1-0"]
[WhiteElo "2159"]
[BlackElo "2321"]
[PlyCount "42"]
[EventDate "2008.09.28"]
[EventType "swiss"]
[EventRounds "11"]
[EventCountry "IND"]
[SourceTitle "CBM 126 Extra"]
[Source "ChessBase"]
[SourceDate "2008.11.05"]
[SourceVersion "1"]
[SourceVersionDate "2008.11.05"]
[SourceQuality "1"]

1. d4 Nf6 2. c4 e6 3. Nf3 b6 4. g3 Ba6 5. b3 Bb4+ 6. Bd2 Be7 7. Bg2 c6 8. Ne5 d5 9. Bc3 Nfd7 10. Nxd7 Nxd7 11. 0-0 0-0 12. Nd2 Rc8 13. e4 b5 14. Re1 dxe4 15. Rxe4 Nf6 16. Re3 Re8 17. a4 Bb7 18. Ne4 bxc4 19. bxc4 Ba6 20. Bf1 Nxe4 21. Rxe4 Bf6 1-0

[Event "Commonwealth-ch"]
[Site "Nagpur"]
[Date "2008.10.02"]
[Round "6"]
[White "Gajendra, Singh"]
[Black "Vishnu, Prasanna V"]
[Result "1-0"]
[WhiteElo "2159"]
[BlackElo "2341"]
[PlyCount "83"]
[EventDate "2008.09.28"]
[EventType "swiss"]
[EventRounds "11"]
[EventCountry "IND"]
[SourceTitle "CBM 126 Extra"]
[Source "ChessBase"]
[SourceDate "2008.11.05"]
[SourceVersion "1"]
[SourceVersionDate "2008.11.05"]
[SourceQuality "1"]

1. Nf3 Nf6 2. d4 g6 3. c4 Bg7 4. Nc3 0-0 5. e4 d6 6. Be2 e5 7. 0-0 Nc6 8. d5 Ne7 9. Ne1 Nd7 10. Be3 f5 11. f3 f4 12. Bf2 g5 13. Rc1 Ng6 14. c5 Nxc5 15. b4 Na6 16. Nb5 Bd7 17. Nxa7 h5 18. Bxa6 bxa6 19. Qd3 g4 20. Kh1 g3 21. Bg1 Qh4 22. Qxa6 Rfb8 23. Rxc7 Bb5 24. Qxd6 Bxf1 25. Qxg6 Qf6 26. Qxf6 Bxf6 27. Bc5 Bd8 28. d6 Ba6 29. Nc2 h4 30. a4 Bd3 31. Ne1 Be2 32. b5 Bxc7 33. dxc7 Re8 34. Nc2 Kf7 35. h3 Ke6 36. Nb4 Kd7 37. Nd5 Bc4 38. c8Q+ Raxc8 39. Nxc8 Kxc8 40. Nb6+ Kb8 41. Nxc4 Rc8 42. Nxe5 1-0

[Event "Commonwealth-ch"]
[Site "Nagpur"]
[Date "2008.09.30"]
[Round "3"]
[White "Santhosbaala, RS."]
[Black "Gajendra, Singh"]
[Result "1/2-1/2"]
[WhiteElo "1915"]
[BlackElo "2159"]
[PlyCount "66"]
[EventDate "2008.09.28"]
[EventType "swiss"]
[EventRounds "11"]
[EventCountry "IND"]
[SourceTitle "CBM 126 Extra"]
[Source "ChessBase"]
[SourceDate "2008.11.05"]
[SourceVersion "1"]
[SourceVersionDate "2008.11.05"]
[SourceQuality "1"]

1. e4 e6 2. d3 d5 3. Nd2 g6 4. Ngf3 Bg7 5. g3 Ne7 6. Bg2 0-0 7. 0-0 c5 8. Re1 Nbc6 9. Nf1 d4 10. e5 Qc7 11. Qe2 b6 12. h4 Bb7 13. N1h2 Rae8 14. Ng4 Nd5 15. Bh6 f5 16. exf6 Nxf6 17. Nxf6+ Rxf6 18. Bxg7 Qxg7 19. Ng5 Qd7 20. h5 Rf5 21. f4 Nd8 22. hxg6 hxg6 23. Be4 Rf6 24. Qg4 Kg7 25. Kg2 Bxe4+ 26. Nxe4 Qd5 27. Rh1 Rf5 28. Qh4 Rg8 29. g4 Kf8 30. gxf5 gxf5+ 31. Kf3 Nf7 32. Rag1 Rxg1 33. Rxg1 Qb7 1/2-1/2

[Event "Chennai WinTV op 1st"]
[Site "Chennai"]
[Date "2004.01.29"]
[Round "10"]
[White "Gajendra, Singh"]
[Black "Arvind, C Jayaraman"]
[Result "1-0"]
[WhiteElo "2167"]
[BlackElo "2306"]
[PlyCount "74"]
[EventDate "2004.01.21"]
[EventType "swiss"]
[EventRounds "13"]
[EventCountry "IND"]
[SourceTitle "CBM 098 Extra"]
[Source "ChessBase"]
[SourceDate "2004.03.10"]
[SourceVersion "2"]
[SourceVersionDate "2004.03.10"]
[SourceQuality "1"]

1. Nf3 Nc6 2. d4 d5 3. Bf4 Bg4 4. Nbd2 e6 5. e3 Bd6 6. h3 Bxf3 7. Nxf3 Bxf4 8. exf4 Qd6 9. Qd2 Nf6 10. c3 Ne4 11. Qe3 Ne7 12. g4 h5 13. Bg2 c5 14. 0-0-0 Qa6 15. Kb1 c4 16. Rhe1 0-0-0 17. Ne5 Nd6 18. f5 Rhe8 19. fxe6 fxe6 20. Nf3 Nc6 21. Ne5 b5 22. Nxc6 Qxc6 23. Re2 Rd7 24. Rde1 b4 25. cxb4 Rb7 26. Qg5 Rxb4 27. Qxh5 c3 28. Bxd5 Qb5 29. Bb3 Qd3+ 30. Rc2 Rb5 31. g5 e5 32. Rd1 Qf5 33. dxe5 Rbxe5 34. Rxd6 Re1+ 35. Rd1 g6 36. Qg4 Qxg4 37. Rxc3+ Kb7 1-0

[Event "Chennai WinTV op 1st"]
[Site "Chennai"]
[Date "2004.01.23"]
[Round "4"]
[White "Gajendra, Singh"]
[Black "Deshmukh, Anup"]
[Result "1/2-1/2"]
[WhiteElo "2167"]
[BlackElo "2340"]
[PlyCount "94"]
[EventDate "2004.01.21"]
[EventType "swiss"]
[EventRounds "13"]
[EventCountry "IND"]
[SourceTitle "CBM 098 Extra"]
[Source "ChessBase"]
[SourceDate "2004.03.10"]
[SourceVersion "2"]
[SourceVersionDate "2004.03.10"]
[SourceQuality "1"]

1. Nf3 d5 2. e3 Nf6 3. c4 e6 4. b3 a5 5. Bb2 a4 6. bxa4 Nbd7 7. Nc3 c6 8. d4 Qa5 9. Nd2 Bb4 10. Qb3 0-0 11. a3 Bd6 12. c5 Bc7 13. Qc2 e5 14. Be2 exd4 15. exd4 Re8 16. 0-0 Nf8 17. Bd3 Ne6 18. Nf3 Nf4 19. Rae1 Be6 20. Bc1 Nxd3 21. Qxd3 Qa6 22. Qxa6 Rxa6 23. Be3 Ne4 24. Rc1 f5 25. g3 h6 26. h4 Bf7 27. Bf4 Bxf4 28. gxf4 Bh5 29. Ne5 Re7 30. f3 Nxc3 31. Rxc3 Rxa4 32. Rd3 Be8 33. Rb1 g6 34. Rb4 Ra7 35. a4 Kg7 36. Kf2 Kf6 37. Rd1 Rg7 38. Rg1 Re7 39. Kg3 Rg7 40. Rg2 Re7 41. Ra2 Rc7 42. a5 Rc8 43. Rb6 Rca8 44. a6 Rxa6 45. Raxa6 bxa6 46. Nxc6 Bxc6 47. Rxc6+ Kf7 1/2-1/2